Between experience and interpretation : (Record no. 8586)

MARC details
000 -LEADER
fixed length control field 01904nam a22002177a 4500
003 - CONTROL NUMBER IDENTIFIER
control field GBCCL
005 - DATE AND TIME OF LATEST TRANSACTION
control field 20241126110653.0
008 - FIXED-LENGTH DATA ELEMENTS--GENERAL INFORMATION
fixed length control field 210416b ||||| |||| 00| 0 eng d
020 ## - INTERNATIONAL STANDARD BOOK NUMBER
International Standard Book Number 9780687647392
020 ## - INTERNATIONAL STANDARD BOOK NUMBER
International Standard Book Number 0687647398
040 ## - CATALOGING SOURCE
Transcribing agency gbc
082 ## - DEWEY DECIMAL CLASSIFICATION NUMBER
Classification number 225.6
Item number BET
245 ## - TITLE STATEMENT
Title Between experience and interpretation :
Remainder of title engaging the writings of the New Testament /
Statement of responsibility, etc. edited by Mary F. Foskett and O. Wesley Allen, Jr.
260 ## - PUBLICATION, DISTRIBUTION, ETC.
Place of publication, distribution, etc. Nashville :
Name of publisher, distributor, etc. Abingdon Press,
Date of publication, distribution, etc. ©2008.
300 ## - PHYSICAL DESCRIPTION
Extent xvi, 262 pages :
Other physical details illustrations ;
Dimensions 23 cm
505 ## - FORMATTED CONTENTS NOTE
Formatted contents note Religious experience in the New Testament / James D.G. Dunn --<br/>Spiritual sacrifices in early Christianity / Daniel J. Harrington --<br/>"Speaking the very words of God" : New Testament perspectives on the characteristics of Christian speech / Donald Senior --<br/>"For the glory of God" : theology and experience in Paul's letter to the Romans / Beverly Roberts Gaventa --<br/>Ecstasy and exousia : religious experience and the negotiation of social power in Paul's Letter to the Galatians / Sze-kar Wan --<br/>The Beatitudes : Jesus' recipe for happiness? / Carl R. Holladay --<br/>Kergyma and midrash : a conversation with Luke Timothy Johnson and C.H. Dodd / Richard B. Hays --<br/>Jesus made real in music : La pasión según San Marcos and Luke Timothy Johnson's experience/interpretation model / Gail R. O'Day --<br/>"Watch how you hear" : the healing of kōphoi ("deaf-mute") persons in Luke / Dennis Hamm --<br/>From the servant in Isaiah to Jesus and the apostles in Luke-Acts to Christians today : spirit-filled witness to the ends of the earth / William S. Kurz --<br/>Swallowing Jonah : scripture and identity in early Christianity / Wayne A. Meeks.
650 ## - SUBJECT ADDED ENTRY--TOPICAL TERM
Topical term or geographic name entry element Bible.
Form subdivision New Testament
General subdivision Criticism, interpretation, etc.
9 (RLIN) 11541
650 ## - SUBJECT ADDED ENTRY--TOPICAL TERM
Topical term or geographic name entry element Johnson, Luke Timothy.
9 (RLIN) 15141
650 ## - SUBJECT ADDED ENTRY--TOPICAL TERM
Topical term or geographic name entry element Bible.
Form subdivision New Testament.
General subdivision Criticism, Interpretation, etc
9 (RLIN) 11541
942 ## - ADDED ENTRY ELEMENTS (KOHA)
Source of classification or shelving scheme Dewey Decimal Classification
Koha item type Books
Koha issues (borrowed), all copies 1
Holdings
Withdrawn status Lost status Source of classification or shelving scheme Damaged status Not for loan Home library Current Library Shelving location Date acquired Total checkouts Full call number Barcode Date last seen Date last checked out Copy number Price effective from Koha item type
    Dewey Decimal Classification     GRACE BIBLE COLLEGE GRACE BIBLE COLLEGE Biblical Studies 2021-04-16 1 225.6 BET 020228 2025-05-01 2024-03-04 c.1 2021-04-16 Books
© Grace Bible College Library 2025